| 000 | 01291nam a2200337 a 4500 | ||
|---|---|---|---|
| 008 | 951027s1990||||[C 0 slo c | ||
| 020 |
_a8022201731 _c90 Kčs. _q(7500 výtl.) |
||
| 040 |
_aSNK _bslo _cSNK _eAACR2 |
||
| 041 | 1 |
_aslo _hslo |
|
| 044 |
_axo _cSK |
||
| 080 | _a726.5(437.6-25)(084.12) | ||
| 245 | 1 | 0 | _aDóm sv. Martina v Bratislave ; Juraj Žáry, Anton Bagin, Ivan Rusina, Eva Toranová, Roman Bunčák, Pavol Breier, Mikuláš Červeňanský, Ivan Kostroň, Atilla Mudrák, Tatiana Žáryová, Marta Pichová, Marína Nagyová |
| 250 | _a1., vyd. | ||
| 260 |
_aBratislava _bTatran _c1990 _eMartin _fTlačiarne SNP |
||
| 300 |
_a152 s., 26,66 AH _c34 cm |
||
| 490 | 0 |
_aPamiatky Bratislavy _vZv. 13. |
|
| 500 | _aFot. na front. Ilustr. na predsádkach. Res. rus., nem. a angl. 139 zázn. v slov., češ., nem. a maď. | ||
| 700 | 1 |
_aŽáry, Juraj _4aut |
|
| 700 | 1 |
_aBagin, Anton _4aut |
|
| 700 | 1 |
_aRusina, Ivan _4aut |
|
| 700 | 1 |
_aToranová, Eva _4aut |
|
| 700 | 1 |
_aBunčák, Roman _4bkd |
|
| 700 | 1 |
_aBreier, Pavol _4bkd |
|
| 700 | 1 |
_aČerveňanský, Mikuláš _4bkd |
|
| 700 | 1 |
_aKostroň, Ivan _4bkd |
|
| 700 | 1 |
_aMudrák, Atilla _4bkd |
|
| 700 | 1 |
_aŽáryová, Tatiana _4oth |
|
| 700 | 1 |
_aPichová, Marta _4oth |
|
| 700 | 1 |
_aNagyová, Marína _4oth |
|
| 958 | _aA | ||
| 999 |
_c14965 _d14965 |
||